[Event "Wch Seniors 50 31st"]
[Site "Terassini"]
[Date "2023.10.28"]
[Round "4"]
[White "Morin, Yves"]
[Black "Stefansson, Hannes"]
[Result "0-1"]
[WhiteElo "2169"]
[BlackElo "2529"]
[PlyCount "90"]
[EventDate "2023.10.25"]
[EventType "swiss"]
[EventRounds "11"]
[EventCountry "ITA"]
[SourceTitle "Mega2024 Update 01"]
[Source "Chessbase"]
[SourceDate "2023.11.12"]
[SourceVersion "1"]
[SourceVersionDate "2023.11.12"]
[SourceQuality "1"]

1. e4 c5 2. d3 Nc6 3. f4 g6 4. Nf3 Bg7 5. Be2 Nf6 6. 0-0 d5 7. e5 Ng4 8. c3 d4 9. Na3 f6 10. h3 Nh6 11. exf6 Bxf6 12. Bd2 Nf5 13. Qe1 h5 14. Nc4 Qd5 15. Nce5 Bxe5 16. Nxe5 Nxe5 17. fxe5 Be6 18. Bf3 Qd7 19. c4 h4 20. Bf4 a5 21. b3 Ra6 22. Rb1 b5 23. a4 b4 24. Qf2 Kd8 25. Bg4 Ra8 26. Rb2 Kc7 27. Bxf5 gxf5 28. Bh2 Rag8 29. Kh1 Kb6 30. Qf4 Qc6 31. Qf3 Qc8 32. Qf4 Rg6 33. Rff2 Bd7 34. Rbe2 Bc6 35. Kg1 Qa8 36. e6 Qb7 37. Kf1 Rhg8 38. Qd2 f4 39. Bxf4 Bxg2+ 40. Rxg2 Rxg2 41. Rxg2 Qf3+ 42. Rf2 Qxh3+ 43. Ke2 Rg1 44. Qc2 Qxe6+ 45. Kf3 Qg4+ 0-1

[Event "Wch Seniors 50 31st"]
[Site "Terassini"]
[Date "2023.10.26"]
[Round "2"]
[White "Morin, Yves"]
[Black "Novik, Maxim"]
[Result "0-1"]
[WhiteElo "2169"]
[BlackElo "2375"]
[PlyCount "80"]
[EventDate "2023.10.25"]
[EventType "swiss"]
[EventRounds "11"]
[EventCountry "ITA"]
[SourceTitle "Mega2024 Update 01"]
[Source "Chessbase"]
[SourceDate "2023.11.12"]
[SourceVersion "1"]
[SourceVersionDate "2023.11.12"]
[SourceQuality "1"]

1. e4 c5 2. d3 Nc6 3. f4 d5 4. Nc3 d4 5. Nce2 e5 6. Nf3 Bd6 7. g3 Bg4 8. Bg2 Nf6 9. h3 Bxf3 10. Bxf3 h5 11. Bg2 Nd7 12. 0-0 h4 13. g4 exf4 14. Nxf4 Nde5 15. Nd5 Nb4 16. Rf2 Nxd5 17. exd5 Qe7 18. Re2 0-0-0 19. Bf4 Qc7 20. Bxe5 Bxe5 21. Qf1 Bf4 22. Re4 Be3+ 23. Kh1 Kb8 24. c4 a6 25. Qf5 Rh6 26. Qe5 Rhd6 27. Rf1 f6 28. Qf5 Qa5 29. a3 Rb6 30. d6 Rxb2 31. Re7 Rxd6 32. Qe4 Rdb6 33. Qd5 Qd2 34. a4 a5 35. Rxg7 Bf4 36. Qf3 Rb1 37. Re7 Rxf1+ 38. Qxf1 Be5 39. g5 Qxg5 40. Qe1 Qe3 0-1

[Event "Wch Seniors 50 30th"]
[Site "Assisi"]
[Date "2022.11.20"]
[Round "6"]
[White "Morin, Yves"]
[Black "Cummings, David H"]
[Result "1/2-1/2"]
[WhiteElo "2170"]
[BlackElo "2318"]
[PlyCount "28"]
[EventDate "2022.11.15"]
[EventType "swiss"]
[EventRounds "11"]
[EventCountry "ITA"]
[SourceTitle "CBM 211 Extra"]
[Source "ChessBase"]
[SourceDate "2023.01.31"]
[SourceVersion "1"]
[SourceVersionDate "2023.01.31"]
[SourceQuality "1"]

1. e4 c6 2. d3 d5 3. Nd2 e5 4. Ngf3 Bd6 5. c3 Nf6 6. d4 dxe4 7. dxe5 exf3 8. Nxf3 Be7 9. Qxd8+ Bxd8 10. exf6 Bxf6 11. Bc4 0-0 12. 0-0 Bf5 13. Be3 Nd7 14. Rfd1 Ne5 1/2-1/2

[Event "Quebec-ch op"]
[Site "Montreal"]
[Date "2013.07.23"]
[Round "4"]
[White "Zhang, Yuanchen"]
[Black "Morin, Yves"]
[Result "1-0"]
[WhiteElo "2061"]
[BlackElo "2185"]
[PlyCount "85"]
[EventDate "2013.07.21"]
[EventType "swiss"]
[EventRounds "9"]
[EventCountry "CAN"]
[SourceTitle "EXT 2014"]
[Source "ChessBase"]
[SourceDate "2013.11.20"]
[SourceVersion "1"]
[SourceVersionDate "2013.11.20"]
[SourceQuality "1"]

1. d4 d6 2. c4 e5 3. Nf3 Nd7 4. Nc3 Ngf6 5. e4 Be7 6. Be2 0-0 7. 0-0 Re8 8. Qc2 c6 9. Be3 Qc7 10. h3 a6 11. Rfd1 h6 12. b4 exd4 13. Nxd4 c5 14. Nd5 Nxd5 15. cxd5 Bf6 16. Rac1 Bxd4 17. Bxd4 b6 18. Ba1 Qd8 19. Bd3 Ne5 20. f4 Nxd3 21. Qxd3 Qh4 22. Qf3 Bd7 23. bxc5 bxc5 24. e5 Rac8 25. exd6 Bb5 26. d7 Bxd7 27. d6 Qd8 28. Qc3 f6 29. Qc4+ Kh8 30. Qxa6 Ra8 31. Qc4 Ra4 32. Qxc5 Re2 33. Re1 Raxa2 34. Rxe2 Rxe2 35. Bd4 Qa8 36. Bf2 Qa2 37. Qd4 Rd2 38. Qb6 Kh7 39. Rc7 Rd1+ 40. Kh2 Qa4 41. Be3 h5 42. Qc5 Be8 43. Qf5+ 1-0

[Event "Budapest FS12 IM"]
[Site "Budapest"]
[Date "2012.12.09"]
[Round "8"]
[White "Morin, Yves"]
[Black "Kislik, Erik Andrew"]
[Result "0-1"]
[WhiteElo "2201"]
[BlackElo "2361"]
[PlyCount "59"]
[EventDate "2012.12.01"]
[EventType "tourn"]
[EventRounds "9"]
[EventCountry "HUN"]
[EventCategory "1"]
[SourceTitle "EXT 2014"]
[Source "ChessBase"]
[SourceDate "2013.11.20"]
[SourceVersion "1"]
[SourceVersionDate "2013.11.20"]
[SourceQuality "1"]

1. e4 c5 2. Nc3 d6 3. g3 g6 4. Bg2 Bg7 5. d3 Nc6 6. Be3 e6 7. Qd2 Rb8 8. f4 Nge7 9. Nf3 Nd4 10. 0-0 0-0 11. Rae1 b6 12. Nd1 Nxf3+ 13. Bxf3 Bb7 14. Qg2 Qd7 15. Nf2 Rfc8 16. g4 f5 17. h4 d5 18. h5 fxe4 19. dxe4 gxh5 20. f5 Kh8 21. Bf4 dxe4 22. Bxe4 exf5 23. gxf5 Bd4 24. c3 Bxe4 25. Qxe4 Bg7 26. Be5 Nxf5 27. Nh3 Rg8 28. Kh2 Rbe8 29. Bxg7+ Nxg7 30. Qf3 0-1

[Event "Budapest FS12 IM"]
[Site "Budapest"]
[Date "2012.12.05"]
[Round "4"]
[White "Morin, Yves"]
[Black "Lyell, Mark"]
[Result "1-0"]
[WhiteElo "2201"]
[BlackElo "2226"]
[PlyCount "87"]
[EventDate "2012.12.01"]
[EventType "tourn"]
[EventRounds "9"]
[EventCountry "HUN"]
[EventCategory "1"]
[SourceTitle "EXT 2014"]
[Source "ChessBase"]
[SourceDate "2013.11.20"]
[SourceVersion "1"]
[SourceVersionDate "2013.11.20"]
[SourceQuality "1"]

1. Nf3 d5 2. b4 Bg4 3. Bb2 Nd7 4. a3 Ngf6 5. d3 c6 6. Nbd2 a5 7. h3 Bxf3 8. Nxf3 e6 9. c3 Bd6 10. e3 0-0 11. Be2 Qe7 12. Nd2 Rfd8 13. 0-0 e5 14. e4 Nf8 15. Qc2 Ng6 16. Rfe1 d4 17. Qb3 dxc3 18. Bxc3 axb4 19. axb4 Rxa1 20. Rxa1 Nf4 21. Bf1 Bc7 22. Bb2 Ne8 23. Nc4 Qg5 24. Kh1 Rxd3 25. Ra8 Kf8 26. Qc2 Rd7 27. b5 Ne6 28. b6 Bd8 29. Bxe5 f6 30. Bb2 Kf7 31. e5 f5 32. Bc1 Qh4 33. Qxf5+ Ke7 34. Be3 Rd1 35. Nd2 g6 36. Qc2 Qh5 37. Ra7 Qe2 38. Rxb7+ Kf8 39. Qxc6 Rxf1+ 40. Nxf1 Qxf1+ 41. Kh2 N8g7 42. Qd7 Kg8 43. Qf7+ Kh8 44. Bh6 1-0

[Event "Budapest FS12 IM"]
[Site "Budapest"]
[Date "2012.12.04"]
[Round "3"]
[White "Morin, Yves"]
[Black "Szeberenyi, Adam"]
[Result "0-1"]
[WhiteElo "2201"]
[BlackElo "2331"]
[PlyCount "29"]
[EventDate "2012.12.01"]
[EventType "tourn"]
[EventRounds "9"]
[EventCountry "HUN"]
[EventCategory "1"]
[SourceTitle "EXT 2014"]
[Source "ChessBase"]
[SourceDate "2013.11.20"]
[SourceVersion "1"]
[SourceVersionDate "2013.11.20"]
[SourceQuality "1"]

1. d4 Nf6 2. Nf3 g6 3. c3 Bg7 4. Bf4 d6 5. e3 0-0 6. h3 Nbd7 7. Be2 Qe8 8. Bh2 e5 9. 0-0 Qe7 10. Re1 c6 11. Bf1 Ne4 12. Nbd2 f5 13. Nc4 g5 14. dxe5 dxe5 15. Qc2 0-1

[Event "Guernsey op 38th"]
[Site "Guernsey"]
[Date "2012.10.27"]
[Round "7"]
[White "Morin, Yves"]
[Black "Tischbierek, Raj"]
[Result "0-1"]
[WhiteElo "2183"]
[BlackElo "2468"]
[PlyCount "68"]
[EventDate "2012.10.21"]
[EventType "swiss"]
[EventRounds "7"]
[EventCountry "GCI"]
[SourceTitle "EXT 2013"]
[Source "ChessBase"]
[SourceDate "2012.11.22"]
[SourceVersion "1"]
[SourceVersionDate "2012.11.22"]
[SourceQuality "1"]

1. e4 c5 2. Nc3 a6 3. g3 b5 4. Bg2 Bb7 5. d3 e6 6. a3 Nf6 7. Nge2 d5 8. exd5 Nxd5 9. 0-0 Be7 10. Bd2 0-0 11. Rb1 Nxc3 12. Nxc3 Bxg2 13. Kxg2 Nc6 14. Be3 Rc8 15. Re1 Qd7 16. Kg1 Nd4 17. Ne4 Rfd8 18. Nd2 Nf5 19. Nf3 Qd5 20. Qe2 Bf8 21. Red1 Nd4 22. Bxd4 cxd4 23. Ne1 e5 24. Qe4 Qe6 25. f4 exf4 26. Qxf4 Rd5 27. Qf2 g6 28. Ng2 Rf5 29. Qd2 Rfc5 30. Ne1 Be7 31. Kf1 Bg5 32. Qe2 Rf5+ 33. Nf3 Qd5 34. Kg2 Qxf3+ 0-1

[Event "Quebec op"]
[Site "Montreal"]
[Date "2000.07.25"]
[Round "3"]
[White "Morin, Yves"]
[Black "Kalinichev, Andrey"]
[Result "1-0"]
[WhiteElo "2235"]
[BlackElo "2043"]
[PlyCount "106"]
[EventDate "2000.07.22"]
[EventType "swiss"]
[EventRounds "9"]
[EventCountry "CAN"]
[SourceTitle "EXT 2002"]
[Source "ChessBase"]
[SourceDate "2001.11.25"]
[SourceVersion "1"]
[SourceVersionDate "2001.11.25"]
[SourceQuality "1"]

1. e4 c5 2. Bc4 e6 3. Qe2 a6 4. a4 b6 5. Nf3 Bb7 6. d3 Be7 7. Nbd2 d6 8. c3 Nd7 9. d4 Ngf6 10. Bd3 0-0 11. 0-0 Re8 12. Rd1 Qc7 13. Nf1 c4 14. Bc2 b5 15. Ng3 Bc6 16. axb5 axb5 17. Rxa8 Bxa8 18. Bg5 g6 19. Ra1 Bb7 20. Qd2 Ra8 21. Re1 Bf8 22. Qf4 Bg7 23. Qh4 Ra2 24. Bc1 Ra1 25. Qf4 e5 26. Qd2 Ba6 27. h3 Qb8 28. b3 Nb6 29. Bb2 Rxe1+ 30. Qxe1 cxb3 31. Bxb3 Nc4 32. Bc1 Nd7 33. Bc2 Qc7 34. Ne2 Bb7 35. Qd1 Ndb6 36. Nd2 Nxd2 37. Bxd2 Nc4 38. Bc1 Qb6 39. d5 Qc5 40. Bd3 h6 41. Qb3 Bc8 42. Bxc4 bxc4 43. Qb8 Kh7 44. Be3 Qa3 45. Qxc8 Qb3 46. f3 Bf6 47. Qd7 Kg7 48. Qxd6 Qd1+ 49. Kf2 Bh4+ 50. g3 Bf6 51. h4 Qh1 52. Bxh6+ Kxh6 53. Qxf6 Qh2+ 1-0

[Event "Quebec op"]
[Site "Montreal"]
[Date "2000.07.22"]
[Round "1"]
[White "Pineault, Denis"]
[Black "Morin, Yves"]
[Result "1/2-1/2"]
[WhiteElo "2230"]
[BlackElo "2235"]
[PlyCount "36"]
[EventDate "2000.07.22"]
[EventType "swiss"]
[EventRounds "9"]
[EventCountry "CAN"]
[SourceTitle "EXT 2002"]
[Source "ChessBase"]
[SourceDate "2001.11.25"]
[SourceVersion "1"]
[SourceVersionDate "2001.11.25"]
[SourceQuality "1"]

1. e4 e6 2. d4 d5 3. e5 c5 4. c3 Nc6 5. Nf3 Bd7 6. dxc5 Bxc5 7. b4 Be7 8. b5 Na5 9. Bd3 Nc4 10. a4 a6 11. bxa6 Rxa6 12. 0-0 Qc7 13. Re1 b5 14. Nbd2 Nh6 15. Nxc4 bxc4 16. Bc2 0-0 17. Nd4 f5 18. exf6 Bxf6 1/2-1/2

[Event "Montreal Botvinnik Anti Meran Memorial"]
[Site "Montreal"]
[Date "1997.11.01"]
[Round "3"]
[White "Bolduc, Steve"]
[Black "Morin, Yves"]
[Result "1-0"]
[WhiteElo "2182"]
[BlackElo "2246"]
[PlyCount "73"]
[EventDate "1997.11.01"]
[EventType "swiss"]
[EventRounds "4"]
[EventCountry "CAN"]
[SourceTitle "EXT 2022"]
[Source "ChessBase"]
[SourceDate "2021.10.06"]
[SourceVersion "1"]
[SourceVersionDate "2021.10.06"]
[SourceQuality "1"]

1. d4 d5 2. c4 c6 3. Nf3 Nf6 4. Nc3 e6 5. Bg5 dxc4 6. e4 b5 7. e5 h6 8. Bh4 g5 9. exf6 gxh4 10. Ne5 Qxf6 11. a4 Bb4 12. Be2 Bb7 13. Bf3 Qe7 14. 0-0 Bxc3 15. bxc3 Kf8 16. Re1 a6 17. Qd2 Kg7 18. Re4 h5 19. Rae1 Rh6 20. Bxh5 Rxh5 21. Nxf7 Bc8 22. Ne5 Ra7 23. Rg4+ Kh7 24. Qc2+ Rf5 25. Ree4 Qa3 26. Rxh4+ Kg8 27. Reg4+ Rg7 28. Rxg7+ Kxg7 29. g4 Qe7 30. Rh3 Qg5 31. Kf1 Rxe5 32. Qh7+ Kf8 33. Qh8+ Ke7 34. dxe5 Qc1+ 35. Kg2 Qc2 36. Qf6+ Kd7 37. Qf7+ 1-0

[Event "Cannes op"]
[Site "Cannes"]
[Date "1995.??.??"]
[Round "8"]
[White "Letreguilly, Olivier"]
[Black "Morin, Yves"]
[Result "1/2-1/2"]
[WhiteElo "2300"]
[BlackElo "2215"]
[PlyCount "100"]
[EventDate "1995.02.??"]
[EventType "swiss"]
[EventRounds "9"]
[EventCountry "FRA"]
[SourceTitle "CBM 046 Extra"]
[Source "ChessBase"]
[SourceDate "1995.07.01"]
[SourceVersion "1"]
[SourceVersionDate "1995.07.01"]
[SourceQuality "1"]

1. e4 e6 2. d3 d5 3. Nd2 Nf6 4. Ngf3 dxe4 5. dxe4 Bc5 6. h3 Nc6 7. Bb5 Bd7 8. Qe2 Qe7 9. e5 Nd5 10. Ne4 a6 11. Bg5 Qf8 12. Bxc6 Bxc6 13. 0-0 h6 14. Bh4 Be7 15. Bg3 0-0-0 16. c4 Nb4 17. a3 Bxe4 18. Qxe4 Nc6 19. b4 Qe8 20. b5 axb5 21. cxb5 Na5 22. Qa4 b6 23. Bf4 Rd5 24. Rab1 Qd7 25. Rfc1 Kb8 26. Be3 Rd8 27. Kh2 Rd3 28. Qg4 Bxa3 29. Rc2 Bf8 30. Bd2 Nb3 31. Be3 Qd5 32. Qf4 Rd7 33. Qa4 Bc5 34. Bxc5 Nxc5 35. Qg4 g6 36. Rb4 Nb3 37. Qf4 Nd4 38. Nxd4 Rxd4 39. Qxh6 Rxb4 40. Qf8+ Rd8 41. Qxb4 Qxe5+ 42. g3 Qd6 43. Qh4 Qd4 44. Qe7 Qd7 45. Qf6 Re8 46. Qe5 Rd8 47. Rc6 Kb7 48. Qc3 Kb8 49. Qe5 Kb7 50. Qc3 Kb8 1/2-1/2

[Event "Cannes op"]
[Site "Cannes"]
[Date "1995.??.??"]
[Round "4"]
[White "Marinelli, Tullio"]
[Black "Morin, Yves"]
[Result "1-0"]
[WhiteElo "2425"]
[BlackElo "2215"]
[PlyCount "59"]
[EventDate "1995.02.??"]
[EventType "swiss"]
[EventRounds "9"]
[EventCountry "FRA"]
[SourceTitle "CBM 046 Extra"]
[Source "ChessBase"]
[SourceDate "1995.07.01"]
[SourceVersion "1"]
[SourceVersionDate "1995.07.01"]
[SourceQuality "1"]

1. d4 Nf6 2. c4 e6 3. Nc3 Bb4 4. e3 0-0 5. Bd3 d5 6. Nf3 c5 7. 0-0 Nc6 8. a3 cxd4 9. exd4 Bxc3 10. bxc3 dxc4 11. Bxc4 h6 12. Bb2 b6 13. Bd3 Bb7 14. c4 Rc8 15. Rc1 Na5 16. Re1 Re8 17. Ne5 Nc6 18. Bb1 Nxe5 19. Rxe5 Nd7 20. Re3 b5 21. d5 bxc4 22. dxe6 Rxe6 23. Rg3 Ne5 24. Bf5 Rd6 25. Qe1 Rc5 26. Rxg7+ Kxg7 27. Bxe5+ f6 28. Bxd6 Qxd6 29. Rd1 Qc7 30. Rd7+ 1-0

[Event "Cannes op"]
[Site "Cannes"]
[Date "1995.??.??"]
[Round "6"]
[White "Morin, Yves"]
[Black "Schmidt Schaeffer, Sebastian"]
[Result "1/2-1/2"]
[WhiteElo "2215"]
[BlackElo "2355"]
[PlyCount "133"]
[EventDate "1995.02.??"]
[EventType "swiss"]
[EventRounds "9"]
[EventCountry "FRA"]
[SourceTitle "CBM 046 Extra"]
[Source "ChessBase"]
[SourceDate "1995.07.01"]
[SourceVersion "1"]
[SourceVersionDate "1995.07.01"]
[SourceQuality "1"]

1. e4 d6 2. d4 Nf6 3. Bd3 e5 4. c3 Be7 5. Nf3 Nbd7 6. 0-0 0-0 7. Re1 Re8 8. Nbd2 Bf8 9. Bc4 c6 10. Bb3 g6 11. a4 Qc7 12. h3 h6 13. Bc2 Bg7 14. dxe5 dxe5 15. Nc4 Bf8 16. a5 Rb8 17. Be3 b5 18. axb6 axb6 19. Ncd2 b5 20. Ra7 Rb7 21. Rxb7 Bxb7 22. Qe2 Ra8 23. Nf1 Nc5 24. Ng3 Bc8 25. Bc1 Be6 26. Nd2 h5 27. Ngf1 Bh6 28. Ne3 Ra1 29. Rd1 Kg7 30. Kh1 Qc8 31. Kg1 h4 32. Qf3 Bf4 33. Ndf1 Nh7 34. Bd2 Ng5 35. Qe2 Ra2 36. Bc1 Ncxe4 37. Ng4 Bc4 38. Qe1 Bxc1 39. Rxc1 f5 40. Nxe5 Bxf1 41. Kxf1 Rxb2 42. Kg1 Qe6 43. Nd3 Ra2 44. Nb4 Ra3 45. f4 Nf7 46. Bxe4 fxe4 47. Nd3 Qf5 48. Nf2 Qxf4 49. Nxe4 Ra2 50. Rd1 Ne5 51. Rd2 Rxd2 52. Nxd2 c5 53. Ne4 c4 54. Qe2 Nd3 55. Nd2 Kf6 56. Ne4+ Kf5 57. Nd2 Ne5 58. Kh1 g5 59. Kg1 g4 60. hxg4+ Nxg4 61. Nf1 Qe5 62. Qf3+ Kg5 63. Kh1 Qf6 64. Qd5+ Kh6 65. Qd2+ Kh5 66. Ne3 Nxe3 67. Qxe3 1/2-1/2